New art deco alphabets

Guardado en:
Detalles Bibliográficos
Autor principal: Loeb, Marcia (autora)
Formato: Libro
Lenguaje:inglés
Publicado: Nueva York Dover 1975
Colección:Dover Pictorical Archive Series
Materias:
Etiquetas: Agregar Etiqueta
Sin Etiquetas, Sea el primero en etiquetar este registro!

MARC

LEADER 00000nam a2200000 a 4500
001 UCO4576
003 CL-VaPUC
008 000804e19750000US |||||||||||||||||eng|d
082 0 4 |a 745.619  |b LOE  |2 21 
100 |a Loeb, Marcia  |e autora  |9 449159 
245 1 0 |a New art deco alphabets 
300 |a 75 p 
942 |c BK 
945 |d 20000804 00:00:00  |a crobeson 
260 |a Nueva York  |b Dover  |c 1975 
500 |a Contiene 38 alfabetos completos 
650 7 |a CALIGRAFIA  |2 CL-VaPUC  |9 449160 
650 0 |a Letras  |9 352290 
650 0 |a Tipografía  |9 266998 
650 0 |a Art déco  |9 449161 
583 |a last modification  |c 20000804 00:00:00  |k Rodrigo Vera 
490 0 |a Dover Pictorical Archive Series 
999 |c 290606  |d 290604 
952 |0 0  |1 0  |4 0  |6 745_619000000000000_LOE_1975  |7 0  |8 R  |9 340124  |a BIBART  |b BIBART  |d 2019-11-20  |i 1214365  |o 745.619 LOE 1975  |p 1214365  |r 2025-03-13  |w 2019-11-20  |y BK_R  |k ART